Normal view MARC view

Entry Personal Name

Number of records used in: 1

001 - CONTROL NUMBER

  • control field: 1185439

003 - CONTROL NUMBER IDENTIFIER

  • control field: OSt

005 - DATE AND TIME OF LATEST TRANSACTION

  • control field: 20260324131420.0

008 - FIXED-LENGTH DATA ELEMENTS

  • fixed length control field: 260324|| aca||aabn | a|a d

040 ## - CATALOGING SOURCE

  • Original cataloging agency: OSt
  • Transcribing agency: OSt

100 ## - HEADING--PERSONAL NAME

  • Personal name: Ravi K. Roy; Thomas D. Willett; Arthur T. Denzau; Eric Helleiner

670 ## - SOURCE DATA FOUND

  • Source citation: Work cat.: (OSt)1782552: Ravi K. Roy; Thomas D. Willett; Arthur T. Denzau; Eric Helleiner, Neoliberalism: National and Regional Experiments with Global Ideas
Copyright @ Delhi University Library System